| 000 | 00476nam a2200181Ia 4500 | ||
|---|---|---|---|
| 008 | 240925s9999 xx 000 0 und d | ||
| 020 | _a23441453 | ||
| 082 | _a158.3 GLA | ||
| 100 | _aGladding ,Samuel T. | ||
| 245 | 0 | _aCounseling: a comprehensive profession | |
| 250 | _aNA | ||
| 260 |
_aIndianapolis: _bMacmillan Publication _c,1996. |
||
| 300 |
_ax,389p. _bNA _fOriginal |
||
| 500 | _aNA | ||
| 600 | _aHumanities & Natural Science | ||
| 650 | _aPsychology | ||
| 942 | _cBK | ||
| 999 |
_c5909 _d5909 |
||